Statistiken für Vereinigte Arabische Emirate-Quiz

Klicken Sie hier um das Quiz zu spielen!

Allgemein

  • Dieses Quiz wurde 1.075 mal gespielt
  • Das Durchschnittsergebnis liegt bei 13 aus 20

Antwortstatistiken

FrageAntwort% Korrekt
Größte StadtDubai
97%
NachbarlandSaudi Arabien
96%
HauptstadtAbu Dhabi
94%
AmtsspracheArabisch
94%
Welthöchstes Gebäude (827 m)Burj {Khalifa}
93%
NachbarlandOman
90%
Wichtigstes ExportgutErdöl
86%
Ein Moslem der beim Alkoholkonsum erwischt wird, kann davon über 80 bekommenPeitschen
73%
Golf, an dem sich die VAE befindenPersischer Golf
71%
Die obige Stadt hat weltweit den drittgrößten _____, nach dem von Atlanta und jenem von PekingFlughafen
67%
Land, von dem die VAE 1971 unabhängig wurdenVereinigtes Königreich
60%
Mehr als doppelt so viele Bewohner der VAE wie einheimische Bürger sind in diesem fremden Land geborenIndien
58%
Luxus-Hotel, dessen Struktur wie ein Segel geformt istBurj {al}-{Arab}
51%
Beliebte Sportart, die einst Kinder anstellte, doch heute stattdessen Roboter benutzt{Kamel}rennen
50%
Die Mall of the Emirates ist einer der wenigen Orte weltweit, wo man dies in einer Halle machen kannSkifahren
50%
Goldener Vogel, auf dem Wappen der VAE abgebildetFalke
40%
Auto-Themenpark, in dem sich die schnellste Achterbahn weltweit befindet{Ferrari} World
39%
Titel des Herrschers der sieben Emirate (kein Emir)Scheich
36%
WährungDirham
28%
Drittgrößte StadtSchardscha
19%

Verteilung der Resultate

Perzentil nach korrekt beantworteten Fragen

Anzahl Personen mit jedem Resultat

Ihre Resultats-Entwicklung

Sie haben dieses Quiz noch nicht gespielt